000 01499cam a22002054a 4500
005 20250605164204.0
008 250528s ||||||||||||||||||||||||d
035 _a19876
020 _a9602202939
040 _aGR-AtMCL
_bgre
_dGR-AtMCL
_eAACR2
245 1 _aΚώδικας Βιβλίων και Στοιχείων με ΦΠΑ & ΕΓΛΣ / Κωδικοποίηση Μοναδικών Συντελεστών Καθαρού Κέρδους - Νέοι Τρόποι Φορολόγησης με βάση & Τα Βιβλία ΚΒΣ
250 _a
260 _bΠαπαδέας,
_c2001
300 _a400
520 _aΠρόλογος, Γενικές Διατάξεις, Βιβλία Επιτηδευμάτων, Στοιχεία Επιτηδευμάτων, Ενημέρωση και Θεώρηση και Διαφύλαξη Βιβλίων και Στοιχείων, Μηχανογραφική Τήρηση Βιβλίων και Έκδοση Στοιχείων, Διαδικασιες Προσδιορισμού Οικονομικών Αποτελεσμάτων, Κύρος Βιβλίων και Στοιχείων - Απορρητο, Κυρώσεις, Ειδικές Αρμοδιότητες, Φραμμογράφηση Βιβλίων και Στοιχείων και Εντύπων, Διαγραμματα και Πίνακες και Σχήματα και Χάρτες.
700 1 _aΠαπαδέας Παναγιώτης Βασ
_93628
942 _cBK
999 _c5119
_d5119